000 00432nam a2200193Ia 4500
003 OSt
005 20251115110013.0
008 250729s2005 xx 000 0 und d
040 _cAL
041 _aeng
082 _a910 MALG
100 _aMallappa P
_9224401
245 _aII PUC geography
260 _aMysore
_c2005
300 _a288p
650 _aGeography
_9224402
700 _aSylvetta M
_9224403
942 _2ddc
_cBED
999 _c236389
_d236389